书目信息 |
| 题名: |
杀人机器
|
|
| 作者: | ;欧阳毅 , 张显奎 , 刘德军 译 ;时代生活丛书编辑 著 | |
| 分册: | ||
| 出版信息: | 海口 海南出版社 2001.9 |
|
| 页数: | 211页 | |
| 开本: | 21cm | |
| 丛书名: | 第三帝国 | |
| 单 册: | ||
| 中图分类: | K516.44 | |
| 科图分类: | ||
| 主题词: | 德意志第三帝国--史料 , 东欧--历史 , 中欧--历史 | |
| 电子资源: | ||
| ISBN: | 7-5443-0097-8 | |
| 000 | 00981nam0 2200337 45 | |
| 001 | 012000002791 | |
| 005 | 20031219104054.4 | |
| 010 | @a7-5443-0097-8@dCNY25.00 | |
| 100 | @a20010914d2001 em y0chiy0120 ea | |
| 101 | 1 | @achi@ceng |
| 102 | @aCN@b460000 | |
| 105 | @aa z 000yy | |
| 106 | @ar | |
| 200 | 1 | @a杀人机器@Asha ren ji qi@f时代生活丛书编辑著@g张显奎, 刘德军, 欧阳毅译 |
| 210 | @a海口@c海南出版社@d2001.9 | |
| 215 | @a211页@c图@d21cm | |
| 225 | 2 | @a第三帝国 |
| 225 | 2 | @a时代生活丛书 |
| 410 | 0 | @12001 @a第三帝国 |
| 410 | 0 | @12001 @a时代生活丛书 |
| 454 | 1 | @12001 @aThe apparatus of death@171102@aTime Life Books |
| 606 | 0 | @a德意志第三帝国@x史料 |
| 606 | 0 | @a东欧@x历史 |
| 606 | 0 | @a中欧@x历史 |
| 690 | @aK516.44@v4 | |
| 702 | 0 | @a欧阳毅@Aou yang yi@4译 |
| 702 | 0 | @a张显奎@Azhang xian kui@4译 |
| 702 | 0 | @a刘德军@Aliu de jun@4译 |
| 711 | 02 | @a时代生活丛书编辑@4著 |
| 801 | @aCN@bTSTC@c20020409 | |
| 905 | @b307944-948@dK516.44@e17:11@f5 | |
| 杀人机器/时代生活丛书编辑著/张显奎, 刘德军, 欧阳毅译.-海口:海南出版社,2001.9 |
| 211页:图;21cm.-(第三帝国).-(时代生活丛书) |
| 译自: |
| ISBN 7-5443-0097-8:CNY25.00 |
| ● |
| 相关链接 |
|
|
|
|
正题名:杀人机器
索取号:K516.44/17:11
 
预约/预借
| 序号 | 登录号 | 条形码 | 馆藏地/架位号 | 状态 | 备注 |
| 1 | 0307944 | 203079444 | 第二借阅区/ [索取号:K516.44/17:11] | 在馆 | |
| 2 | 0307945 | 203079453 | 第二借阅区/ [索取号:K516.44/17:11] | 在馆 | |
| 3 | 0307946 | 203079462 | 第二借阅区/ [索取号:K516.44/17:11] | 在馆 | |
| 4 | 0307947 | 203079471 | 第二借阅区/ [索取号:K516.44/17:11] | 在馆 | |
| 5 | 0307948 | 203079480 | 第二样本阅览室/ [索取号:K516.44/17:11] | 在馆 |